Statistics for 20 Least Densely Populated Countries

Click here to take the quiz!

General Stats

  • This quiz has been taken 103 times
  • The average score is 14 of 20

Answer Stats

RankDensityAnswer% Correct
14.9Mongolia
95%
39Australia
92%
810Canada
90%
1118Kazakhstan
90%
1423Russia
89%
27.5Namibia
83%
59.1Iceland
78%
1731Chad
75%
79.6Libya
75%
1939Mali
75%
1010.4Mauritania
70%
2041Finland
67%
1631Turkmenistan
67%
910.4Botswana
66%
1836Oman
58%
1526Bolivia
53%
49.1Suriname
53%
69.3Guyana
52%
1321Central African Republic
50%
1221Gabon
38%

Score Distribution

Percentile by Number Answered

Percent of People with Each Score

Your Score History

You have not taken this quiz